|
|
|
|
| LEADER |
01053cam a2200289 7i4500 |
| 001 |
0000067945 |
| 005 |
20220624090000.0 |
| 008 |
220411 eng |
| 020 |
|
|
|a 9814577057
|
| 020 |
|
|
|a 9789814577052
|
| 090 |
0 |
0 |
|a HG2040.5.U5
|b B79 2016
|
| 100 |
1 |
|
|a Brueggeman, William B
|
| 245 |
1 |
0 |
|a Real estate finance and investments
|c William B. Brueggeman, Jeffrey D. Fisher.
|
| 250 |
|
|
|a Fifteenth edition.
|
| 264 |
|
|
|a New York, NY:
|b McGraw-Hill Education,
|c 2016.
|
| 300 |
|
|
|a xviii, 805 pages:
|b illustrations;
|c 26 cm.
|
| 336 |
|
|
|a text
|2 rdacontent
|
| 337 |
|
|
|a unmediated
|2 rdamedia
|
| 338 |
|
|
|a volume
|2 rdacarrier
|
| 500 |
|
|
|a Gift: Saudari Liyana Zainal Abidin
|
| 504 |
|
|
|a Includes bibliographical references and index
|
| 650 |
0 |
0 |
|a Real property --
|x Finance --
|z United States
|
| 650 |
0 |
0 |
|a Mortgage loans --
|z United States
|
| 700 |
1 |
|
|a Fisher, Jeffrey D.
|
| 997 |
|
|
|a Business & Accountancy, Faculty
|
| 998 |
|
|
|a Business Administration, Degree
|
| 999 |
|
|
|a 0000065162
|b BOK
|c OPEN SHELF
|e 1st Floor, Shah Alam
|